Pseudonimy (Miasta) bohaterów serialu "Dom z Papieru" - Statystyki

Ogólne statystyki
  • Ten quiz został rozwiązany 44 razy
  • Średni wynik to 10 z 14
Statystyki odpowiedzi
Aktor(ka) Miasto % Poprawnych
Darko Perić Helsinki
92%
Úrsula Corberó Tokio
92%
Pedro Alonso Berlin
89%
Roberto García Ruiz Oslo
86%
Esther Acebo Sztokholm
84%
Alba Flores Nairobi
81%
Itziar Ituño Lizbona
76%
Paco Tous Moskwa
76%
Miguel Herrán Rio
73%
Jaime Lorente Denver
70%
Hovik Keuchkerian Bogota
68%
Rodrigo de la Serna Palermo
62%
Luka Peroš Marsylia
46%
Belén Cuesta Manila
30%
Nie znaleziono quizów pasujących do podanych kryteriów
Rozkład punktacji
Procent ludzi z każdym wynikiem
Percentyl według liczby udzielonych odpowiedzi
Twoja historia wyników
Nie rozwiązałeś tego quizu